Statistics for Countries With No A,B Or C In Their Name

Click here to take the quiz!

General Stats

  • This quiz has been taken 47 times
    (39 since last reset)
  • The average score is 8 of 13

Answer Stats

Answer% Correct
Egypt
91%
Fiji
85%
Togo
85%
Yemen
82%
Peru
71%
Kosovo
65%
Sweden
65%
Turkey
62%
Niger
59%
Lesotho
56%
Philippines
56%
UK
35%
Montenegro
29%

Score Distribution

Percentile by Number Answered

Percent of People with Each Score

Your Score History

You have not taken this quiz since the last reset